Обеспечения пожарной безопасности в дошкольных образовательных учреждениях; Прогрессивные технологии и экономика в машиностроении

Podrobná bibliografie
Parent link:Прогрессивные технологии и экономика в машиностроении.— 2022.— [С. 53-55]
Hlavní autor: Рябова А. И.
Korporativní autor: Томский политехнический университет Юргинский технологический институт
Další autoři: Мальчик А. Г. Александра Геннадьевна (научный руководитель)
Shrnutí:Заглавие с экрана
В данной статье рассмотрен вопрос обеспечения пожарной безопасности в дошкольных образовательных учреждениях.
This article discusses the issue of fire safety in preschool educational institutions.
Jazyk:ruština
Vydáno: 2022
Edice:Экология, безопасность и охрана труда на предприятии классификация лесных пожаров
Témata:
On-line přístup:http://earchive.tpu.ru/handle/11683/70658
Médium: MixedMaterials Elektronický zdroj Kapitola
KOHA link:https://koha.lib.tpu.ru/cgi-bin/koha/opac-detail.pl?biblionumber=634224

MARC

LEADER 00000naa2a2200000 4500
001 634224
005 20240117143159.0
035 |a (RuTPU)RU\TPU\conf\36009 
035 |a RU\TPU\conf\36006 
090 |a 634224 
100 |a 20220415d2022 k y0rusy50 ca 
101 0 |a rus 
102 |a RU 
105 |a y z 101zy 
135 |a drgn ---uucaa 
181 0 |a i  
182 0 |a b 
200 1 |a Обеспечения пожарной безопасности в дошкольных образовательных учреждениях  |f А. И. Рябова  |g науч. рук. А. Г. Мальчик 
203 |a Текст  |c электронный 
225 1 |a Экология, безопасность и охрана труда на предприятии классификация лесных пожаров 
300 |a Заглавие с экрана 
320 |a [Библиогр.: с. 55 (3 назв.)] 
330 |a В данной статье рассмотрен вопрос обеспечения пожарной безопасности в дошкольных образовательных учреждениях. 
330 |a This article discusses the issue of fire safety in preschool educational institutions. 
463 0 |0 (RuTPU)RU\TPU\conf\35989  |t Прогрессивные технологии и экономика в машиностроении  |o сборник трудов XIII Всероссийской научно-практической конференции для студентов и учащейся молодежи, 7-9 апреля 2022 г., Юрга  |f Национальный исследовательский Томский политехнический университет (ТПУ), Юргинский технологический институт (ЮТИ) ; под ред. А. А. Сапрыкина  |v [С. 53-55]  |d 2022 
610 1 |a электронный ресурс 
610 1 |a труды учёных ТПУ 
610 1 |a пожарная безопасность 
610 1 |a дошкольные учреждения 
610 1 |a fire safety 
610 1 |a preschool education 
700 1 |a Рябова  |b А. И. 
702 1 |a Мальчик  |b А. Г.  |c специалист в области экологии и безопасности жизнедеятельности  |c доцент Юргинского технологического института Томского политехнического университета, кандидат технических наук  |f 1970-  |g Александра Геннадьевна  |4 727 
712 0 2 |a Томский политехнический университет  |b Юргинский технологический институт  |c (2003-2009)  |3 (RuTPU)RU\TPU\col\12451  |9 25408 
801 2 |a RU  |b 63413507  |c 20220419  |g RCR 
856 4 |u http://earchive.tpu.ru/handle/11683/70658 
942 |c BK